[Event "Edmonton Fall Sectional C"]
[Site "Edmonton"]
[Date "2016.10.29"]
[Round "1"]
[White "Ivanescu, Cristian"]
[Black "Koperski, Dustin"]
[Result "1-0"]
[WhiteElo "1799"]
[BlackElo "1724"]
[PlyCount "127"]
[EventDate "2016.10.29"]
[EventType "tourn"]
[EventRounds "5"]
[EventCountry "CAN"]

1. d4 Nf6 2. Nf3 c5 3. d5 b5 4. Bg5 Ne4 5. Qd3 Nxg5 6. Nxg5 Qa5+ 7. c3 g6 8.
Qf3 f6 9. d6 Nc6 10. Ne4 Ne5 11. Nxf6+ Kd8 12. Qxa8 exf6 13. Qb8 Bg7 14. e3 c4
15. Na3 a6 16. Be2 Nc6 17. Qa8 Ne5 18. O-O Qb6 19. Bf3 Nxf3+ 20. Qxf3 Qxd6 21.
Rad1 Qc7 22. Rd2 f5 23. Nc2 Bb7 24. Qh3 Be4 25. Nb4 a5 26. Nd5 Qc5 27. Nf4 Kc8
28. Rfd1 g5 29. Nh5 g4 30. Qh4 Be5 31. Rxd7 Bd3 32. Qe7 Qxe7 33. Rxe7 Bd6 34.
Rf7 Rd8 35. Nf4 b4 36. Nxd3 cxd3 37. Rxd3 Bxh2+ 38. Kxh2 Rxd3 39. cxb4 axb4 40.
Rxf5 Rd2 41. b3 Rxa2 42. Rf4 Rb2 43. Rxg4 Rxb3 44. Rg8+ Kd7 45. Rg7+ Ke6 46.
Rxh7 Rb1 47. Kg3 b3 48. Rb7 b2 49. f4 Kf5 50. Rb4 Re1 51. Rxb2 Rxe3+ 52. Kf2
Kxf4 53. Rb4+ Re4 54. Rxe4+ Kxe4 55. Kg3 Kf5 56. Kh4 Kg6 57. Kg4 Kf6 58. Kh5
Kg7 59. Kg5 Kf7 60. Kh6 Kg8 61. Kg6 Kf8 62. g4 Kg8 63. g5 Kf8 64. Kh7 1-0

[Event "Edmonton Fall Sectional C"]
[Site "Edmonton"]
[Date "2016.10.29"]
[Round "1"]
[White "Rohatynski, Jordan"]
[Black "Smith, Kevin"]
[Result "0-1"]
[WhiteElo "1537"]
[BlackElo "1761"]
[PlyCount "116"]
[EventDate "2016.10.29"]
[EventType "tourn"]
[EventRounds "5"]
[EventCountry "CAN"]

1. e4 e5 2. Bc4 Bc5 3. d4 exd4 4. Bxf7+ Kf8 5. Qh5 Bb4+ 6. c3 Nf6 7. Qf3 dxc3
8. bxc3 Bc5 9. Bb3 Nc6 10. Bf4 d6 11. h3 Qe7 12. Nd2 Ne5 13. Bxe5 Qxe5 14. Ne2
Bd7 15. O-O Ke7 16. Ng3 Raf8 17. Nf5+ Kd8 18. Rfe1 Nxe4 19. Qxe4 Qxe4 20. Nxe4
Rxf5 21. Nxc5 Rxc5 22. Re3 Re8 23. Rae1 Rce5 24. Rxe5 Rxe5 25. Rxe5 dxe5 26.
Bg8 h6 27. g4 Ke7 28. Kg2 c5 29. Kf3 b5 30. Ke4 Kd6 31. f4 exf4 32. Kxf4 Be6
33. Bxe6 Kxe6 34. Ke4 a5 35. h4 g6 36. a3 b4 37. cxb4 cxb4 38. axb4 axb4 39.
Kd4 b3 40. Kc3 Ke5 41. Kxb3 Kf4 42. g5 h5 43. Kc2 Kg4 44. Kd1 Kxh4 45. Ke1 Kxg5
46. Kf1 Kg4 47. Kg2 h4 48. Kh2 g5 49. Kg2 h3+ 50. Kh2 Kh4 51. Kg1 Kg3 52. Kh1
g4 53. Kg1 Kf3 54. Kh2 g3+ 55. Kh1 g2+ 56. Kg1 h2+ 57. Kxh2 Kf2 58. Kh3 g1=Q
0-1

[Event "Edmonton Fall Sectional C"]
[Site "Edmonton"]
[Date "2016.10.29"]
[Round "1"]
[White "Zita, Matthew"]
[Black "Ivanescu, Mark"]
[Result "1-0"]
[WhiteElo "1732"]
[BlackElo "1608"]
[PlyCount "59"]
[EventDate "2016.10.29"]
[EventType "tourn"]
[EventRounds "5"]
[EventCountry "CAN"]

1. e4 e6 2. d4 d5 3. e5 c5 4. c3 Nc6 5. Nf3 Nge7 6. Bd3 cxd4 7. cxd4 Bd7 8. Nc3
Qb6 9. Na4 Qc7 10. Bd2 Ng6 11. Rc1 Rc8 12. b4 Qb8 13. Nc5 Bxc5 14. Rxc5 b6 15.
Rc1 O-O 16. h4 Nge7 17. b5 Nd8 18. Bb4 Re8 19. g4 h6 20. Qd2 Nb7 21. h5 Na5 22.
g5 hxg5 23. Rxc8 Qxc8 24. Bxe7 Rxe7 25. Qxg5 Qc3+ 26. Ke2 Bxb5 27. Bxb5 Qb2+
28. Ke3 Qa3+ 29. Kf4 Rc7 30. Qd8+ 1-0

[Event "Edmonton Fall Sectional C"]
[Site "Edmonton"]
[Date "2016.10.29"]
[Round "2"]
[White "Ivanescu, Mark"]
[Black "Smith, Kevin"]
[Result "1/2-1/2"]
[WhiteElo "1608"]
[BlackElo "1761"]
[PlyCount "124"]
[EventDate "2016.10.29"]
[EventType "tourn"]
[EventRounds "5"]
[EventCountry "CAN"]

1. d4 d5 2. Nf3 Nf6 3. Bf4 e6 4. e3 c5 5. c3 Nc6 6. Bd3 Be7 7. h3 cxd4 8. exd4
O-O 9. O-O a6 10. Re1 b5 11. Qc2 Bb7 12. Nbd2 b4 13. Rab1 Rc8 14. a3 h6 15. Qa4
a5 16. axb4 axb4 17. Rec1 Ra8 18. Qb3 Ba6 19. Bxa6 Rxa6 20. Ne5 bxc3 21. bxc3
Nxe5 22. Bxe5 Ra3 23. Qb2 Qa5 24. Ra1 Ra8 25. Nb3 Qa4 26. Bxf6 gxf6 27. Rcb1
Qc4 28. Rxa3 Rxa3 29. Qc2 Bb4 30. Nd2 Qxc3 31. Qxc3 Bxc3 32. Nf3 Ra1 33. Rxa1
Bxa1 34. g4 Kg7 35. Kg2 h5 36. Kg3 hxg4 37. Kxg4 e5 38. dxe5 fxe5 39. Kf5 e4
40. Nd2 Bd4 41. Nb3 Bxf2 42. Ke5 e3 43. Nd4 Kg6 44. Kxd5 f5 45. Ke5 Bg3+ 46.
Kd5 f4 47. Ke4 Kh5 48. Nf3 Kg6 49. Ke5 Kf7 50. Ke4 Ke8 51. Nd4 Kd7 52. Ne2 Bh2
53. Kf3 Ke6 54. Nd4+ Ke5 55. Nc2 Bg1 56. h4 Kf5 57. h5 Kg5 58. h6 e2 59. h7 Bd4
60. Kxe2 Bh8 61. Kf3 Be5 62. Ne1 Kg6 1/2-1/2

[Event "Edmonton Fall Sectional C"]
[Site "Edmonton"]
[Date "2016.10.29"]
[Round "2"]
[White "Koperski, Dustin"]
[Black "Rohatynski, Jordan"]
[Result "1-0"]
[WhiteElo "1724"]
[BlackElo "1537"]
[PlyCount "93"]
[EventDate "2016.10.29"]
[EventType "tourn"]
[EventRounds "5"]
[EventCountry "CAN"]

1. e4 d6 2. d4 Nf6 3. Nc3 Nbd7 4. Nf3 e5 5. g4 g6 6. Bc4 Nb6 7. Bb3 Bxg4 8.
dxe5 Bxf3 9. Qxf3 dxe5 10. Bd2 c6 11. O-O-O Nbd7 12. h4 Qc7 13. h5 O-O-O 14.
Bxf7 Nxh5 15. Bg5 Ndf6 16. Be6+ Kb8 17. Bxf6 Bh6+ 18. Kb1 Rxd1+ 19. Rxd1 Rf8
20. Rd7 Qc8 21. Bxe5+ Ka8 22. Rf7 Qe8 23. Rxf8 Bxf8 24. Qf7 Qd8 25. Qd7 Qxd7
26. Bxd7 Bc5 27. f4 Be3 28. f5 Bg5 29. fxg6 hxg6 30. Be8 Nf4 31. Bxf4 Bxf4 32.
Bxg6 b5 33. Ne2 Be5 34. c3 Kb7 35. Kc2 a5 36. Kd3 c5 37. b3 Kb6 38. c4 b4 39.
Ke3 Kc6 40. Kf3 Kd6 41. Nc1 Ke6 42. Nd3 Bd4 43. Kf4 Kf6 44. Bf5 Ke7 45. e5 Kf7
46. Ke4 Ke7 47. Kd5 1-0

[Event "Edmonton Fall Sectional C"]
[Site "Edmonton"]
[Date "2016.10.29"]
[Round "2"]
[White "Zita, Matthew"]
[Black "Ivanescu, Cristian"]
[Result "0-1"]
[WhiteElo "1732"]
[BlackElo "1799"]
[PlyCount "120"]
[EventDate "2016.10.29"]
[EventType "tourn"]
[EventRounds "5"]
[EventCountry "CAN"]

1. e4 e6 2. d4 d5 3. e5 c5 4. c3 b6 5. Bd3 Ba6 6. Qa4+ Qd7 7. Qxd7+ Kxd7 8. Bc2
Ne7 9. Nf3 Nbc6 10. Nbd2 cxd4 11. cxd4 Nb4 12. Bb1 Rc8 13. Nb3 Nc2+ 14. Bxc2
Rxc2 15. Nbd2 Nf5 16. Kd1 Rc7 17. a3 Be7 18. Nb1 Rhc8 19. Nc3 Bc4 20. g4 Nh4
21. Nd2 Bd3 22. Nb3 Nf3 23. Be3 Ng5 24. Nd2 Ne4 25. Ndxe4 dxe4 26. Kd2 Ba6 27.
Rac1 f5 28. g5 Rf8 29. Bf4 Rc4 30. Ne2 Rfc8 31. Rxc4 Rxc4 32. h4 Bb7 33. Rh3 b5
34. Rc3 Rxc3 35. Kxc3 a5 36. b4 axb4+ 37. axb4 h6 38. Bd2 hxg5 39. hxg5 Ke8 40.
g6 Bh4 41. Be3 Ke7 42. Kd2 Bc6 43. Nc3 Kd8 44. Nb1 Be8 45. Na3 Kc7 46. Ke2 Kc6
47. f4 exf3+ 48. Kxf3 Bxg6 49. Kf4 Bh5 50. d5+ Kxd5 51. Bc5 g5+ 52. Ke3 Kc6 53.
Nc2 f4+ 54. Kd2 Kd5 55. Ne1 Bxe1+ 56. Kxe1 Kxe5 57. Be7 g4 58. Kf2 Ke4 59. Bc5
Kd5 60. Kg2 e5 0-1

[Event "Edmonton Fall Sectional C"]
[Site "Edmonton"]
[Date "2016.10.29"]
[Round "3"]
[White "Ivanescu, Cristian"]
[Black "Ivanescu, Mark"]
[Result "1/2-1/2"]
[WhiteElo "1799"]
[BlackElo "1608"]
[PlyCount "65"]
[EventDate "2016.10.29"]
[EventType "tourn"]
[EventRounds "5"]
[EventCountry "CAN"]

1. d4 d5 2. Nf3 Nf6 3. h3 Bf5 4. Bf4 e6 5. e3 Nc6 6. Be2 Be7 7. O-O h6 8. a3
O-O 9. Nbd2 a6 10. Rc1 b5 11. Re1 Rc8 12. Ne5 Nxe5 13. Bxe5 Bd6 14. Bxd6 cxd6
15. Bd3 Bxd3 16. cxd3 Rc7 17. e4 Re8 18. exd5 Nxd5 19. Nf3 Rxc1 20. Qxc1 Qc8
21. g4 g5 22. h4 Nf4 23. hxg5 Nxd3 24. Qxc8 Rxc8 25. Re2 hxg5 26. Nxg5 Rc1+ 27.
Kh2 Rb1 28. Ne4 Rxb2 29. Rxb2 Nxb2 30. Nc3 Nc4 31. Nb1 d5 32. Kg3 Kg7 33. Kf3
1/2-1/2

[Event "Edmonton Fall Sectional C"]
[Site "Edmonton"]
[Date "2016.10.29"]
[Round "3"]
[White "Smith, Kevin"]
[Black "Koperski, Dustin"]
[Result "1/2-1/2"]
[WhiteElo "1761"]
[BlackElo "1724"]
[PlyCount "142"]
[EventDate "2016.10.29"]
[EventType "tourn"]
[EventRounds "5"]
[EventCountry "CAN"]

1. e4 c5 2. Nf3 g6 3. d4 cxd4 4. Nxd4 Nc6 5. c4 Nf6 6. Nc3 d6 7. Be2 Nxd4 8.
Qxd4 Bg7 9. Be3 O-O 10. Qd2 Be6 11. f3 Qa5 12. Nd5 Qxd2+ 13. Bxd2 Nxd5 14. cxd5
Bd7 15. Rb1 Rfc8 16. Bd3 a6 17. Ke2 Rc7 18. Ba5 Rcc8 19. Bb6 Bb5 20. Rhc1 Bxd3+
21. Kxd3 Kf8 22. b4 Ke8 23. a4 Kd7 24. Be3 Rxc1 25. Rxc1 Rc8 26. Rxc8 Kxc8 27.
Bb6 Be5 28. h3 Bg3 29. Kc4 h5 30. Be3 Kc7 31. b5 Be1 32. f4 Bg3 33. f5 gxf5 34.
exf5 f6 35. Kd3 Kd7 36. Ke4 Ke8 37. Kf3 Be5 38. g4 hxg4+ 39. Kxg4 Kf7 40. h4
axb5 41. axb5 Bc3 42. h5 Ba5 43. h6 Kg8 44. Kh5 Kh7 45. Kg4 Bc3 46. Bb6 Kxh6
47. Bd8 Kg7 48. Bxe7 Be5 49. Kh5 Kf7 50. Bd8 Bh2 51. Bb6 Be5 52. Kg4 Kg7 53.
Be3 Kh7 54. Kf3 Kg7 55. Ke4 Kf7 56. Kd3 Bg3 57. Kc4 Be1 58. Kb3 Ba5 59. Ka4 Be1
60. Bc1 Bc3 61. Ba3 Ke7 62. Kb3 Be1 63. Bc1 Ba5 64. Ka4 Be1 65. Bb2 Bd2 66. Bd4
Be1 67. Bb6 Bd2 68. Ba5 Be3 69. Bc3 Bb6 70. Bd2 Kf7 71. Ba5 Bc5 1/2-1/2

[Event "Edmonton Fall Sectional C"]
[Site "Edmonton"]
[Date "2016.10.29"]
[Round "3"]
[White "Zita, Matthew"]
[Black "Rohatynski, Jordan"]
[Result "1-0"]
[WhiteElo "1732"]
[BlackElo "1537"]
[PlyCount "82"]
[EventDate "2016.10.29"]
[EventType "tourn"]
[EventRounds "5"]
[EventCountry "CAN"]

1. e4 c5 2. Nf3 d6 3. b3 Nf6 4. e5 dxe5 5. Nxe5 Nbd7 6. Bb5 a6 7. Bxd7+ Bxd7 8.
Bb2 e6 9. O-O Be7 10. d4 O-O 11. c4 Qc7 12. Qd3 cxd4 13. Bxd4 Rfd8 14. Nd2 Bc6
15. Rad1 Bc5 16. Nxc6 Qxc6 17. Nf3 Bxd4 18. Nxd4 Qc7 19. Qf3 Rd6 20. Rd3 Rad8
21. Rfd1 Qd7 22. Qf4 Ne8 23. f3 f6 24. c5 e5 25. Qe4 Rxd4 26. Rxd4 exd4 27. Kf2
f5 28. Qe5 Nc7 29. a4 d3 30. Qc3 Ne6 31. Ke1 Kf8 32. Qb4 Qc6 33. Qh4 h6 34. Qc4
Rd4 35. Qc3 Qd5 36. b4 Nf4 37. Kf2 Rc4 38. Qe1 Qd4+ 39. Kg3 Ne2+ 40. Kh3 Ng1+
41. Qxg1 Qh4# 1-0

[Event "Edmonton Fall Sectional C"]
[Site "Edmonton"]
[Date "2016.10.30"]
[Round "4"]
[White "Ivanescu, Cristian"]
[Black "Rohatynski, Jordan"]
[Result "1-0"]
[WhiteElo "1799"]
[BlackElo "1537"]
[PlyCount "69"]
[EventDate "2016.10.29"]
[EventType "tourn"]
[EventRounds "5"]
[EventCountry "CAN"]

1. d4 Nf6 2. Nf3 d6 3. Bf4 Nbd7 4. h3 c6 5. e3 b5 6. c4 a6 7. a3 Qc7 8. Nc3 e5
9. Bh2 h6 10. Rc1 e4 11. Nd2 Qa5 12. Nb3 Qb6 13. d5 bxc4 14. Bxc4 c5 15. Qc2
Ne5 16. Nxe4 Be7 17. Bxe5 dxe5 18. Nxf6+ Bxf6 19. e4 O-O 20. O-O Bd7 21. Nd2
Rab8 22. Rb1 Bg5 23. Nf3 Bf4 24. Nh4 Qf6 25. Nf5 g6 26. Ng3 h5 27. Qd3 h4 28.
Ne2 g5 29. Bxa6 Kh8 30. Bc4 Rg8 31. Nxf4 gxf4 32. Qf3 Rxg2+ 33. Kxg2 Rg8+ 34.
Kh2 Bxh3 35. Qh5+ 1-0

[Event "Edmonton Fall Sectional C"]
[Site "Edmonton"]
[Date "2016.10.30"]
[Round "4"]
[White "Ivanescu, Mark"]
[Black "Koperski, Dustin"]
[Result "1-0"]
[WhiteElo "1608"]
[BlackElo "1724"]
[PlyCount "109"]
[EventDate "2016.10.29"]
[EventType "tourn"]
[EventRounds "5"]
[EventCountry "CAN"]

1. d4 Nf6 2. Nf3 c5 3. d5 b5 4. Bg5 Ne4 5. Bh4 Bb7 6. Qd3 Qa5+ 7. c3 Nd6 8. e4
b4 9. c4 Ba6 10. b3 g6 11. Nbd2 Bg7 12. e5 Nf5 13. Bg5 d6 14. Bf4 Nd7 15. Qe2
O-O 16. g3 dxe5 17. Nxe5 Nd4 18. Qe4 Nxe5 19. Bxe5 Bxe5 20. Qxe5 Nc2+ 21. Kd1
Nxa1 22. Qxa1 Bc8 23. h4 Qa6 24. Bd3 Qf6 25. Qxf6 exf6 26. Re1 Bd7 27. Re7 Rfd8
28. Ne4 Bg4+ 29. Kd2 Kf8 30. Rc7 Rdc8 31. Rb7 Rab8 32. Rxb8 Rxb8 33. Nxf6 h5
34. Nxg4 hxg4 35. Ke3 Re8+ 36. Kf4 Re1 37. Kxg4 Rd1 38. Be2 Rd2 39. Kf3 Rxa2
40. Ke3 Rb2 41. Bd1 Ke7 42. g4 Rb1 43. Kd2 Ra1 44. g5 Ra2+ 45. Ke3 Ra1 46. Ke2
Ra6 47. Ke3 f6 48. f4 Ra2 49. gxf6+ Kxf6 50. h5 gxh5 51. Bxh5 Rh2 52. Bd1 Kf5
53. Kf3 Rh3+ 54. Kg2 Rd3 55. Bc2 1-0

[Event "Edmonton Fall Sectional C"]
[Site "Edmonton"]
[Date "2016.10.30"]
[Round "4"]
[White "Zita, Matthew"]
[Black "Smith, Kevin"]
[Result "1-0"]
[WhiteElo "1732"]
[BlackElo "1761"]
[PlyCount "97"]
[EventDate "2016.10.29"]
[EventType "tourn"]
[EventRounds "5"]
[EventCountry "CAN"]

1. e4 e5 2. Nf3 Nc6 3. Bb5 a6 4. Ba4 Nf6 5. d3 b5 6. Bb3 d6 7. h3 Na5 8. Nbd2
Be7 9. O-O O-O 10. c3 Nxb3 11. Nxb3 c5 12. Qe2 Ne8 13. Nh2 f5 14. f4 fxe4 15.
Qxe4 Ra7 16. Qe2 Bh4 17. Be3 Re7 18. Qh5 Ref7 19. fxe5 Bf5 20. exd6 Bg6 21.
Qxc5 Bxd3 22. Rxf7 Rxf7 23. Nf3 Bg3 24. Ne5 Bxe5 25. Qxe5 Nxd6 26. Nd2 Nf5 27.
Bc5 Rd7 28. Qe6+ Kh8 29. Re1 h6 30. Bb6 Qc8 31. Nf3 Qb7 32. Bc5 Ng3 33. Nd4 Be4
34. Nf3 Bxf3 35. gxf3 Rf7 36. Bd4 Nf5 37. Qe8+ Kh7 38. Qe4 Qd7 39. Qg4 g6 40.
Kf2 h5 41. Qf4 Nh6 42. Qe5 g5 43. Qxg5 Qxh3 44. Ke2 Qxf3+ 45. Kd2 Nf5 46. Rg1
Ng7 47. Bxg7 Qf2+ 48. Kc1 Qa7 49. Qxh5+ 1-0

[Event "Edmonton Fall Sectional C"]
[Site "Edmonton"]
[Date "2016.10.30"]
[Round "5"]
[White "Koperski, Dustin"]
[Black "Zita, Matthew"]
[Result "1-0"]
[WhiteElo "1724"]
[BlackElo "1732"]
[PlyCount "81"]
[EventDate "2016.10.29"]
[EventType "tourn"]
[EventRounds "5"]
[EventCountry "CAN"]

1. e4 c5 2. d4 cxd4 3. c3 dxc3 4. Nxc3 Nc6 5. Nf3 d6 6. Bc4 Nf6 7. e5 dxe5 8.
Qxd8+ Nxd8 9. Nb5 Be6 10. Nc7+ Kd7 11. Nxa8 Bxc4 12. Nxe5+ Kc8 13. Nxc4 Nd5 14.
O-O Kb8 15. Rd1 e6 16. Ne3 Kxa8 17. Nxd5 exd5 18. Rxd5 Be7 19. Be3 Nc6 20. a3
Bf6 21. Rb1 Rc8 22. b4 h6 23. Rc5 Rd8 24. Rc2 g5 25. Rd2 Rc8 26. Rc1 Re8 27.
Kf1 Be5 28. Rcd1 Kb8 29. b5 Na5 30. Rd8+ Rxd8 31. Rxd8+ Kc7 32. Rf8 f6 33. Bxa7
Kd7 34. Rh8 Ke6 35. Rxh6 Nc4 36. a4 b6 37. Rh8 Kd5 38. Bb8 Bc3 39. h4 gxh4 40.
Rxh4 f5 41. Rf4 1-0

[Event "Edmonton Fall Sectional C"]
[Site "Edmonton"]
[Date "2016.10.30"]
[Round "5"]
[White "Rohatynski, Jordan"]
[Black "Ivanescu, Mark"]
[Result "1-0"]
[WhiteElo "1537"]
[BlackElo "1608"]
[PlyCount "61"]
[EventDate "2016.10.29"]
[EventType "tourn"]
[EventRounds "5"]
[EventCountry "CAN"]

1. e4 e6 2. d4 d5 3. e5 c5 4. c3 Nc6 5. Nf3 Qb6 6. Be2 cxd4 7. cxd4 Nge7 8. O-O
Nf5 9. Be3 Qxb2 10. Nbd2 Nxe3 11. fxe3 Qc3 12. Kh1 Qxe3 13. Bb5 Bd7 14. Rb1 a6
15. Bxc6 Bxc6 16. h4 Qa3 17. Ng5 Be7 18. Rxf7 Bxg5 19. Rxg7 Bxh4 20. Qh5+ Kd8
21. Qxh4+ Kc8 22. Qe7 Qxe7 23. Rxe7 Bd7 24. Nb3 Kd8 25. Rg7 b5 26. Nc5 Bc8 27.
Rf1 Re8 28. Rff7 Rb8 29. Rc7 Ra8 30. Nb7+ Bxb7 31. Rgd7# 1-0

[Event "Edmonton Fall Sectional C"]
[Site "Edmonton"]
[Date "2016.10.30"]
[Round "5"]
[White "Smith, Kevin"]
[Black "Ivanescu, Cristian"]
[Result "0-1"]
[WhiteElo "1761"]
[BlackElo "1799"]
[PlyCount "38"]
[EventDate "2016.10.29"]
[EventType "tourn"]
[EventRounds "5"]
[EventCountry "CAN"]

1. e4 e6 2. d4 d5 3. exd5 exd5 4. Nf3 Nc6 5. h3 Bd6 6. Bd3 Nge7 7. O-O Bf5 8.
c4 Bxd3 9. Qxd3 dxc4 10. Qxc4 O-O 11. Nc3 Ng6 12. Bd2 Bf4 13. Rfd1 Bxd2 14.
Rxd2 Qf6 15. Rad1 Rac8 16. Ne4 Qf5 17. Nc5 b6 18. g4 Qxf3 19. Nd7 Nf4 0-1

[Event "2016 Alberta Girls Championship"]
[Site "Edmonton"]
[Date "2016.11.19"]
[Round "2"]
[White "Mo, Michelle"]
[Black "Chao, Lucy"]
[Result "1-0"]
[WhiteElo "1539"]
[BlackElo "1382"]
[PlyCount "47"]
[EventDate "2016.11.19"]
[EventType "tourn"]
[EventRounds "6"]
[EventCountry "CAN"]

1. e4 d6 2. d4 Nf6 3. Nc3 Nbd7 4. Nf3 e6 5. Bc4 Be7 6. O-O c6 7. d5 cxd5 8.
exd5 e5 9. Bb5 O-O 10. Bg5 a6 11. Bxd7 Bxd7 12. Bxf6 Bxf6 13. Ne4 Be7 14. c4
Qc7 15. Rc1 Rac8 16. Rc3 Rfe8 17. Qd2 Qd8 18. Re1 Bg4 19. b3 Bxf3 20. Rxf3 f6
21. Rg3 b5 22. Rc1 Rc7 23. Qh6 Bf8 24. Nxf6+ 1-0

[Event "2016 Alberta Girls Championship"]
[Site "Edmonton"]
[Date "2016.11.19"]
[Round "3"]
[White "Mo, Michelle"]
[Black "Mah, Sydney"]
[Result "0-1"]
[WhiteElo "1539"]
[BlackElo "1352"]
[PlyCount "100"]
[EventDate "2016.11.19"]
[EventType "tourn"]
[EventRounds "6"]
[EventCountry "CAN"]

1. e4 e6 2. d4 d5 3. Nd2 Nf6 4. e5 Nfd7 5. c4 c5 6. Ngf3 cxd4 7. Nb3 dxc4 8.
Bxc4 Nc6 9. Bb5 Qc7 10. Bxc6 bxc6 11. Qxd4 c5 12. Qc3 Rb8 13. O-O c4 14. Nbd2
Ba6 15. b3 Bb4 16. Qc2 c3 17. Re1 Nc5 18. Nc4 Bxc4 19. bxc4 Nd7 20. Qd3 h6 21.
Bf4 O-O 22. Nd4 a6 23. Re3 Rfd8 24. Nc2 Nc5 25. Qf1 Na4 26. Nxb4 Rxb4 27. Rd3
Rxd3 28. Qxd3 Rxc4 29. Be3 Nb2 30. Qd6 c2 31. Rc1 Nd1 32. Qxa6 Nxe3 33. fxe3
Qc5 34. Kf2 Rc3 35. Qa8+ Kh7 36. Qe4+ g6 37. Qd4 Qa3 38. Qd7 Kg7 39. Qd2 Qb4
40. Rxc2 Qh4+ 41. Kf1 Qc4+ 42. Qe2 Rxc2 43. Qxc4 Rxc4 44. Ke2 Ra4 45. Kf3 Rxa2
46. Kg3 Ra5 47. Kf4 Ra4+ 48. Kf3 g5 49. Kg3 Re4 50. Kf3 Rxe5 0-1

[Event "2016 Alberta Girls Championship"]
[Site "Edmonton"]
[Date "2016.11.20"]
[Round "4"]
[White "Mah, Sydney"]
[Black "Chao, Lucy"]
[Result "0-1"]
[WhiteElo "1352"]
[BlackElo "1382"]
[PlyCount "126"]
[EventDate "2016.11.19"]
[EventType "tourn"]
[EventRounds "6"]
[EventCountry "CAN"]

1. e4 e5 2. Nf3 d6 3. Bc4 Be6 4. Bxe6 fxe6 5. d3 Be7 6. Be3 Nf6 7. Nc3 O-O 8.
d4 Ng4 9. Qe2 Nxe3 10. Qxe3 exd4 11. Nxd4 Bg5 12. Qh3 Qf6 13. Qxe6+ Kh8 14.
Qxf6 Bxf6 15. Nde2 Nc6 16. O-O-O Bg5+ 17. Kb1 Rxf2 18. h4 Bf6 19. g4 Nb4 20.
Rc1 Rf8 21. a3 Nc6 22. g5 Be5 23. Rce1 R8f7 24. h5 Bxc3 25. bxc3 R7f3 26. Kb2
Ne5 27. Nd4 Nc4+ 28. Kb3 Nd2+ 29. Kb2 Rg3 30. g6 Rgg2 31. h6 Rxg6 32. hxg7+
Rxg7 33. Nf5 Rgg2 34. Rhg1 a6 35. Rxg2 Rxg2 36. Ne3 Rg3 37. Nd1 Rg4 38. e5 Nc4+
39. Kb3 Nxe5 40. Ne3 Re4 41. Ng2 Rxe1 42. Nxe1 Kg7 43. c4 h5 44. Ng2 Kg6 45.
Kc3 Kg5 46. Kd4 h4 47. Nxh4 Kxh4 48. Kd5 Kg4 49. c5 Kf4 50. cxd6 cxd6 51. Kxd6
Nc4+ 52. Kc5 Nxa3 53. c3 Ke4 54. Kb4 Nc2+ 55. Kb3 Nd4+ 56. Kc4 Nc6 57. Kc5 Kd3
58. c4 Na5 59. Kb4 Nxc4 60. Kb3 b5 61. Kb4 Kc2 62. Kc5 Kc3 63. Kc6 b4 0-1

[Event "2016 Alberta Girls Championship"]
[Site "Edmonton"]
[Date "2016.11.20"]
[Round "5"]
[White "Chao, Lucy"]
[Black "Mo, Michelle"]
[Result "1-0"]
[WhiteElo "1382"]
[BlackElo "1539"]
[PlyCount "47"]
[EventDate "2016.11.19"]
[EventType "tourn"]
[EventRounds "6"]
[EventCountry "CAN"]

1. e4 c5 2. Nf3 d6 3. d4 cxd4 4. Nxd4 Nf6 5. Nc3 a6 6. Be2 e6 7. O-O Be7 8. f4
Qb6 9. Kh1 e5 10. Nb3 O-O 11. fxe5 dxe5 12. Nd5 Nxd5 13. exd5 Bd6 14. Bd3 Qc7
15. Qh5 g6 16. Qh4 Be7 17. Qf2 f5 18. Bh6 Rd8 19. Nd2 b5 20. c4 Bb7 21. Bxf5
Qc5 22. Be6+ Kh8 23. Qf7 Bf6 24. Qxf6# 1-0

[Event "2016 Alberta Girls Championship"]
[Site "Edmonton"]
[Date "2016.11.20"]
[Round "6"]
[White "Mah, Sydney"]
[Black "Mo, Michelle"]
[Result "0-1"]
[WhiteElo "1352"]
[BlackElo "1539"]
[PlyCount "86"]
[EventDate "2016.11.19"]
[EventType "tourn"]
[EventRounds "6"]
[EventCountry "CAN"]

1. e4 c5 2. Nf3 d6 3. d4 cxd4 4. Nxd4 Nf6 5. Nc3 a6 6. a3 e5 7. Nf3 Be7 8. h3
O-O 9. Be3 b5 10. Be2 Bb7 11. Qd3 Nbd7 12. g4 Nb6 13. g5 Nfd7 14. O-O-O Nc4 15.
Nd5 Nc5 16. Bxc5 Bxd5 17. h4 Be6 18. Qc3 Rc8 19. Be3 Nxe3 20. Qxe3 Qc7 21. Bd3
a5 22. h5 d5 23. exd5 Bxd5 24. Bf5 Bxf3 25. Qxf3 Bxg5+ 26. Kb1 Rcd8 27. Bxh7+
Kxh7 28. Qf5+ Kh6 29. Rxd8 Rxd8 30. Rg1 Qe7 31. Re1 Bf4 32. Rg1 Bg5 33. Re1 Rd5
34. Rg1 Qf6 35. Qg4 Qf4 36. Qg2 Rc5 37. Qb7 Qxf2 38. Rg2 Qe1+ 39. Ka2 Qe3 40.
Qxf7 Qe4 41. Qe6+ Bf6 42. Rg4 Qd5+ 43. Qxd5 Rxd5 0-1

[Event "2016 Alberta Junior Championship"]
[Site "Edmonton"]
[Date "2016.11.19"]
[Round "1"]
[White "Fellah, Mohamad"]
[Black "Wang, Kaixin"]
[Result "1-0"]
[WhiteElo "2051"]
[BlackElo "1845"]
[PlyCount "91"]
[EventDate "2016.11.19"]
[EventType "tourn"]
[EventRounds "5"]
[EventCountry "CAN"]

1. e4 c5 2. Nf3 d6 3. d4 cxd4 4. Nxd4 Nf6 5. Nc3 a6 6. f3 e5 7. Nb3 Be6 8. Be3
Be7 9. Qd2 O-O 10. O-O-O Nbd7 11. g4 Rc8 12. g5 Nh5 13. Rg1 Nb6 14. Qf2 Nc4 15.
Bxc4 Bxc4 16. Na5 Qxa5 17. Bb6 Qxc3 18. bxc3 Nf4 19. Rg4 Bxa2 20. Kb2 Be6 21.
Rxf4 exf4 22. Bd4 Bxg5 23. Rg1 f6 24. h4 Bh6 25. Rd1 Rc6 26. Bb6 Rfc8 27. Ba5
b6 28. Bb4 Rd8 29. Rd4 Kf7 30. Qd2 Ke7 31. Qe2 b5 32. e5 fxe5 33. Qxe5 Kf7 34.
Rxd6 Rdxd6 35. Bxd6 Rc4 36. Bc5 Ra4 37. Qc7+ Kg6 38. Qe5 Kf7 39. Qh5+ Kf6 40.
Bd4+ Ke7 41. Qc5+ Ke8 42. Qe5 Kf7 43. h5 Rc4 44. Bc5 g6 45. Qc7+ Kg8 46. Qd8+
1-0

[Event "2016 Alberta Junior Championship"]
[Site "Edmonton"]
[Date "2016.11.19"]
[Round "1"]
[White "Wu, Chenxi"]
[Black "Yao, David"]
[Result "1-0"]
[WhiteElo "1892"]
[BlackElo "1817"]
[PlyCount "33"]
[EventDate "2016.11.19"]
[EventType "tourn"]
[EventRounds "5"]
[EventCountry "CAN"]

1. e4 e6 2. d4 d5 3. e5 c5 4. c3 Nc6 5. Nf3 Qb6 6. Bd3 Bd7 7. O-O f6 8. Re1
cxd4 9. cxd4 Qc7 10. Nc3 fxe5 11. dxe5 a6 12. Ng5 Nh6 13. Qh5+ g6 14. Bxg6+
hxg6 15. Qxg6+ Kd8 16. Qf6+ Ne7 17. Qxh8 1-0

[Event "2016 Alberta Junior Championship"]
[Site "Edmonton"]
[Date "2016.11.19"]
[Round "1"]
[White "Zita, Matthew"]
[Black "Shi, Diwen"]
[Result "0-1"]
[WhiteElo "1738"]
[BlackElo "2278"]
[PlyCount "92"]
[EventDate "2016.11.19"]
[EventType "tourn"]
[EventRounds "5"]
[EventCountry "CAN"]

1. e4 c5 2. Nf3 g6 3. d4 cxd4 4. Nxd4 Nf6 5. Nc3 Bg7 6. f3 Nc6 7. Be3 O-O 8.
Qd2 d5 9. exd5 Nxd5 10. Nxd5 Qxd5 11. Nxc6 Qxc6 12. O-O-O Bf5 13. Kb1 Rad8 14.
Bd3 Qa4 15. Bh6 Bxd3 16. cxd3 Bxh6 17. Qxh6 Rd5 18. h4 Rfd8 19. h5 Rxd3 20.
Rxd3 Rxd3 21. b3 Qa6 22. Rc1 Rd8 23. hxg6 Qd3+ 24. Ka1 hxg6 25. Qg5 Qe2 26. Qh4
Qe3 27. Kb1 Qd3+ 28. Ka1 e6 29. Qe7 Qd7 30. Qg5 Qd4+ 31. Kb1 Kg7 32. Rc7 Qd1+
33. Kb2 Qd2+ 34. Qxd2 Rxd2+ 35. Ka3 Rxg2 36. Rxb7 Rf2 37. b4 Rxf3+ 38. Kb2 g5
39. Rxa7 g4 40. b5 g3 41. Ra4 Rf2+ 42. Kb3 f5 43. Ra7+ Kf6 44. Ra8 Rf3+ 45. Kc2
Rf4 46. a3 g2 0-1

[Event "2016 Alberta Junior Championship"]
[Site "Edmonton"]
[Date "2016.11.19"]
[Round "2"]
[White "Wang, Kaixin"]
[Black "Zita, Matthew"]
[Result "1-0"]
[WhiteElo "1845"]
[BlackElo "1738"]
[PlyCount "81"]
[EventDate "2016.11.19"]
[EventType "tourn"]
[EventRounds "5"]
[EventCountry "CAN"]

1. e4 c5 2. c3 d5 3. exd5 Qxd5 4. Nf3 Nc6 5. d4 e6 6. Be2 Nf6 7. O-O Be7 8. Bf4
O-O 9. Na3 cxd4 10. cxd4 a6 11. Nc4 Qd8 12. Qd2 Nd5 13. Bg3 b5 14. Nce5 Bb7 15.
Nxc6 Bxc6 16. Ne5 Be8 17. a3 f6 18. Nf3 Bd6 19. Bd3 Bf7 20. Rfe1 Rc8 21. Rad1
Qb6 22. Rc1 Rfd8 23. Rc2 Bxg3 24. hxg3 Ne7 25. Rec1 Rxc2 26. Qxc2 Bg6 27. Bxg6
hxg6 28. Qc7 Qd6 29. Kf1 Nf5 30. Qc6 Kf7 31. Kg1 Nxd4 32. Nxd4 Qxd4 33. Qxa6
Qxb2 34. Rc7+ Kg8 35. Qxe6+ Kh8 36. Qe7 Rg8 37. Qe4 g5 38. Qg6 Qe2 39. Kh2 Qe8
40. Rf7 Qxf7 41. Qxf7 1-0